00720nam a2200181 a 450000100100000000500170001000800410002702000150006804000250008310000320010824501280014026000720026830000210034049000350036150000530039671000540044983000350050300003922120201002031541.0130611s1990 sp 001 0 spa d a840007033X aDO-SdBNPbspacBNPHU1 aRábanos Espinosa, Ricardo10aBibliografía Joánica :bEvangelio, Cartas y Apocalipsis, 1960-1986 /cRicardo Rabanos Espinosa, Domingo Muñoz León. aMadrid :bConsejo Superior de Investigaciones Científicas,c1990. a751 p. ;c24 cm.1 aBiblioteca hispana biblicav14 aIncluye referencias bibliográficas e índices2 aConsejo Superior de Investigaciones Científicas 0aBiblioteca hispana biblicav14